000 00408 a2200157 4500
005 20250313111323.0
020 _a0 304 93434 8
082 _a389.1 GAL
100 _aGALYER, J. F. W.
245 _aMetrology for Engineering
250 _a3rd Ed.
260 _aLondon
_bCassell
_c1977
300 _avii,235p., ill., pictures, tables
_bBibliography, Index
_c24cm.
700 _aSHOTBOLT, C. R.
942 _2ddc
_cBKS
999 _c371
_d371